| 000 | 00538 a2200157 4500 | ||
|---|---|---|---|
| 999 |
_c3493 _d3493 |
||
| 020 | _a0330025198 | ||
| 050 | _aHQ 1101 PET 1969 | ||
| 100 |
_aPeter Laurence J. _eauthor |
||
| 245 |
_aThe Peter Principle: _bevery employee tends to rise to his level of incompetence/ _cDr Laurence J. Peter and Raymond Hull |
||
| 264 |
_aLondon: _bSouvenir Press Ltd; _c1969 |
||
| 300 |
_a157p.: _bill. |
||
| 500 | _aIncludes glossary and notes on illustrations | ||
| 650 | _aIncompetence | ||
| 700 |
_aHull, Raymond _eauthor |
||
| 942 |
_2lcc _cBK _h1101 _iPET _kHQ |
||